Coupe du Monde 2002 - Un Joueur par équipe - Statistiques

Statistiques générales
  • Ce quiz a été pris 211 fois
  • Le résultat moyen est 23 sur 32
Statistiques - réponses
Hint Réponse % Correct
Ronaldinho Brésil
96%
Miroslav Klose Allemagne
94%
Bixente Lizarazu France
93%
Paul Scholes Angleterre
89%
Piotr Świerczewski Pologne
89%
Diego Forlán Uruguay
88%
Yoshikatsu Kawaguchi Japon
87%
Obeid Al-Dosari Arabie Saoudite
85%
Hakan Şükür Turquie
85%
Robbie Keane Irlande
83%
Sérgio Conceição Portugal
83%
Aleksandr Mostovoi Russie
83%
Davor Šuker Croatie
82%
Christian Vieri Italie
82%
Javier Zanetti Argentine
81%
Ahn Jung-hwan Corée du Sud
80%
Freddie Ljungberg Suède
78%
Rafael Márquez Mexique
76%
Daniel Van Buyten Belgique
75%
Papa Bouba Diop Sénégal
75%
Adel Sellimi Tunisie
72%
Hao Haidong Chine
70%
Marc-Vivien Foé Cameroun
68%
Milenko Ačimovič Slovénie
63%
Jon Dahl Tomasson Danemark
60%
Cobi Jones Etats-Unis
56%
Taribo West Nigeria
41%
Roberto Acuña Paraguay
32%
Agustín Delgado Equateur
31%
Diego Tristán Espagne
29%
Quinton Fortune Afrique du Sud
26%
Paulo Wanchope Costa Rica
25%
Aucun quiz correspondant
Distribution des résultats
% des personnes avec chaque résultat
Percentile par nombre de réponses
Votre historique - résultats
Vous n’avez pas pris ce quiz